| Поле | Название | Значение |
| |
Тип записи |
a |
| |
Библиографический уровень |
m |
| 001 |
Контрольный номер |
RU\infra-m\znanium\bibl\2236680 |
| 005 |
Дата корректировки |
20260429142123.1 |
| 008 |
Кодируемые данные |
260120s2025 RU g rus u |
| 020 |
Индекс ISBN |
__ |
| a |
ISBN |
978-5-9614-8704-6 |
| 040 |
Источник каталогиз. |
__ |
| a |
Служба первич. каталог. |
Общество с ограниченной ответственностью «ЗНАНИУМ» |
| 041 |
Код языка издания |
__ |
| a |
Код языка текста |
rus |
| 044 |
Код страны публикации |
__ |
| a |
Код страны публикации |
RU |
| 080 |
Индекс УДК |
__ |
| a |
Индекс УДК |
314 |
| 084 |
Индекс другой классификации/Индекс ББК |
__ |
| 2 |
Источник индекса |
rubbk |
| a |
Индекс другой классификации/Индекс ББК |
885 |
| 084 |
Индекс другой классификации/Индекс ББК |
__ |
| 2 |
Источник индекса |
okso |
| a |
Индекс другой классификации/Индекс ББК |
37.03.01 |
| 100 |
Автор |
__ |
| a |
Автор |
Петрова Е. |
| q |
Полное имя |
Петрова Евгения |
| 245 |
Заглавие |
__ |
| a |
Заглавие |
Это переходит все границы. Психология эмиграции. Как адаптироваться к жизни в другой стране |
| b |
Продолж. заглавия |
Практическое пособие |
| 250 |
Сведения об издании |
__ |
| a |
Основные сведения об издании |
1 |
| 260 |
Выходные данные |
__ |
| a |
Место издания |
Москва |
| b |
Издательство |
ООО "Альпина Паблишер" |
| c |
Дата издания |
2026 |
| 300 |
Физическое описание |
__ |
| a |
Объем |
240 с. |
| 520 |
Аннотация |
__ |
| a |
Аннотация |
Адаптироваться к жизни в другой стране почти так же трудно как научиться заново ходить ведь каждый шаг становится вызовом. Не важно стремитесь ли вы к безопасности ищете лучшую жизнь для своей семьи и карьерные возможности или хотите обеспечить будущее своих детей эмиграция — невероятная по масштабу перемена и непростое испытание. Опытный психолог Евгения Петрова делится практическими советами помогающими приспособиться к новой жизни. От первых недель в стране до глубокой интеграции от разочарования до обретения новой идентичности в бикультурной гармонии автор отвечает на самые распространенные вопросы и помогает сделать ваш опыт психологически комфортным. Читатель узнает как превратить эмиграцию в путь к самопознанию и личностному росту обретя в итоге новое «я» в многообразии мировой культуры. |
| 521 |
Примеч. о цел. назн. |
__ |
| a |
Примеч. о целев. назн. |
Дополнительное образование |
| 650 |
Тематические рубрики |
__ |
| a |
Основная рубрика |
Психология |
| x |
Основная подрубрика |
Популярная литература по психологии |
| 655 |
Указ. предметных рубрик (устаревшее) |
__ |
| a |
Жанр/ форма (устаревшее) |
Практическое пособие |
| 856 |
Электронный адрес документа |
4_ |
| a |
Имя сервера/домена |
znanium.ru |
| m |
Помощь |
ebs_support@infra-m.ru |
| n |
Местонахождение сервера |
НИЦ ИНФРА-М |
| u |
URL |
https://znanium.ru/catalog/document?id=474578 |
| 856 |
Электронный адрес документа |
48 |
| a |
Имя сервера/домена |
znanium.ru |
| d |
Путь |
/cover/2236 |
| f |
Электронное имя |
2236680.jpg |
| q |
Тип электронного формата |
image/jpeg |
| u |
URL |
https://znanium.ru/cover/2236/2236680.jpg |
| 911 |
|
__ |
| u |
|
0030=https://znanium.ru/catalog/document?id=474578 |